Statistics for Most Expensive Transfers from PAOK FC

Click here to take the quiz!

General Stats

  • This quiz has been taken 82 times
    (57 since last reset)
  • The average score is 12 of 26

Answer Stats

SumToSeasonPlayer Name% Correct
11.00mNorwich City'21-'22Christos Tzolis
90%
10.00mIttihad'18-'19Aleksandar Prijovic
88%
7.50mNorwich City'21-'22Dimitris Giannoulis
86%
2.20mFenerbahce'20-'21Dimitris Pelkas
76%
3.00mMiddlesbrough'20-'21Chuba Akpom
69%
4.00mVfL Wolfsburg'11-'12Vieirinha
69%
5.00mCharlotte FC'21-'22Karol Swiderski
67%
3.30m1. FC Köln'20-'21Dimitris Limnios
62%
3.50mToulouse'19-'20Efthymis Koulouris
60%
5.50mGalatasaray'16-'17Garry Rodrigues
60%
2.50mStandard Liège'17-'18Gojko Cimirot
52%
2.50mRangers'22-'23Antonio Colak
50%
1.50mDep. La Coruña'15-'16Lucas Pérez
50%
1.80mPanathinaikos'06-'07Dimitris Salpingidis
48%
1.20mLeicester City'97-'98Theodoros Zagorakis
48%
3.50mZenit'16-'17Robert Mak
45%
2.40mFC Copenhagen'16-'17Robin Olsen
29%
2.20mPanathinaikos'08-'09Lazaros Christodoulopoulos
26%
1.50mBayer Leverkusen'12-'13Kostas Stafylidis
24%
1.50mPerugia'00-'01Zisis Vryzas
21%
1.50mRostov'15-'16Christian Noboa
19%
3.30mOlympiacos'01-'02Stelios Venetidis
17%
1.80mPanathinaikos'08-'09Christos Melissis
10%
2.63mSunderland'99-'00Milton Núñez
7%
2.40mBenfica'99-'00Abdelsattar Sabry
5%
1.20mUdinese'01-'02Dimitris Nalitzis
5%

Score Distribution

Percentile by Number Answered

Percent of People with Each Score

Your Score History

You have not taken this quiz since the last reset